Computable General Equilibrium Modeling : (Record no. 43442)
[ view plain ]
| 000 -LEADER | |
|---|---|
| fixed length control field | 02499cam a2200349 i 4500 |
| 001 - CONTROL NUMBER | |
| control field | 23172551 |
| 005 - DATE AND TIME OF LATEST TRANSACTION | |
| control field | 20250327142838.0 |
| 008 - FIXED-LENGTH DATA ELEMENTS--GENERAL INFORMATION | |
| fixed length control field | 230605s2024 enk b 001 0 eng |
| 010 ## - LIBRARY OF CONGRESS CONTROL NUMBER | |
| LC control number | 2023014564 |
| 020 ## - INTERNATIONAL STANDARD BOOK NUMBER | |
| International Standard Book Number | 9780367272074 |
| 020 ## - INTERNATIONAL STANDARD BOOK NUMBER | |
| International Standard Book Number | 9780367272050 |
| 020 ## - INTERNATIONAL STANDARD BOOK NUMBER | |
| Canceled/invalid ISBN | 9780429295485 |
| 041 ## - LANGUAGE CODE | |
| Language code of text/sound track or separate title | eng |
| 042 ## - AUTHENTICATION CODE | |
| Authentication code | pcc |
| 082 00 - DEWEY DECIMAL CLASSIFICATION NUMBER | |
| Classification number | 330.0151 CAS |
| 100 1# - MAIN ENTRY--PERSONAL NAME | |
| Author | Castellanos, Kenneth, |
| 245 10 - TITLE STATEMENT | |
| Title | Computable General Equilibrium Modeling : |
| Remainder of title | Theory and Applications |
| 250 ## - EDITION STATEMENT | |
| Edition statement | First edition. |
| 300 ## - PHYSICAL DESCRIPTION | |
| Extent | 136 pages ; |
| Dimensions | 24 cm |
| 504 ## - BIBLIOGRAPHY, ETC. NOTE | |
| Bibliography, etc. note | Includes bibliographical references and index. |
| 520 ## - SUMMARY, ETC. | |
| Summary, etc. | "Many books have been written on computable general equilibrium (CGE) modeling. However, there are certain important areas for economic policy that have been largely overlooked. This intermediate/advanced text presents the topic as a methodology for the analysis of macro and fiscal policies in modern economies, while introducing levels of disaggregation that are beyond the scope of standard macro models. The book begins by presenting the historical and intuitive background of general equilibrium analysis. Moving on, computer software is introduced to derive numerical solutions for economic models. The authors provide examples of code, bringing in data sources that have become the foundations of CGE applications. The methodology presented here, which differs from other CGE books, includes financial assets, government budget deficits, and debt financing of private investment. These topics are analysed in the context of dynamic optimization, generating endogenous variables such as inflation, interest, and growth rates. The book also devotes significant attention to the applications of CGE models to developing economies. This textbook comes with a range of downloadable supplements and will be a valuable resource for students taking a CGE course as part of a programme in advanced microeconomics, macroeconomics, development economics, or international trade economics"-- |
| 650 #0 - SUBJECT ADDED ENTRY--TOPICAL TERM | |
| Subject | Computable General Equilibrium Models |
| 700 1# - ADDED ENTRY--PERSONAL NAME | |
| Co-Author | Feltenstein, Andrew, |
| 700 1# - ADDED ENTRY--PERSONAL NAME | |
| Co-Author | Sedrakyan, Gohar, |
| 942 ## - ADDED ENTRY ELEMENTS (KOHA) | |
| Koha item type | Books |
| 264 #1 - PRODUCTION, PUBLICATION, DISTRIBUTION, MANUFACTURE, AND COPYRIGHT NOTICE | |
| Place of production, publication, distribution, manufacture | London ; |
| -- | New York : |
| Name of producer, publisher, distributor, manufacturer | Routledge Taylor & Francis Group, |
| Date of production, publication, distribution, manufacture, or copyright notice | 2024. |
| 336 ## - CONTENT TYPE | |
| Content type term | text |
| Content type code | txt |
| Source | rdacontent |
| 337 ## - MEDIA TYPE | |
| Media type term | unmediated |
| Media type code | n |
| Source | rdamedia |
| 338 ## - CARRIER TYPE | |
| Carrier type term | volume |
| Carrier type code | nc |
| Source | rdacarrier |
| 906 ## - LOCAL DATA ELEMENT F, LDF (RLIN) | |
| a | 7 |
| b | cbc |
| c | orignew |
| d | 1 |
| e | ecip |
| f | 20 |
| g | y-gencatlg |
| Withdrawn status | Lost status | Source of classification or shelving scheme | Damaged status | Not for loan | Home library | Current library | Shelving location | Accession Date | Vendor | Price | Bill number | Full call number | Barcode No | Date last seen | Discount | Bill Date | Koha item type | Suggested By |
|---|---|---|---|---|---|---|---|---|---|---|---|---|---|---|---|---|---|---|
| Dewey Decimal Classification | IMTN | IMTN | Rack 7-A | 03/24/2025 | Raghav Books Private Limited | 4450.89 | 2374 | 330.0151 CAS | 33733 | 03/27/2025 | 33 | 02/14/202 | Books | Dr. Veena Pailwar |